000 00782nam a2200277 i 4500
001 82091
003 ES-MaACL
005 20230906174607.0
007 t|
008 041122s2002 sp ||||1| spa d
020 _a84-339-2503-2
080 _a343.9.01
080 _a34.096
100 1 _aEnzensberger, Hans Magnus.
_947315
245 1 0 _aPolítica y delito /
_cHans Magnus Enzensberger ; traducción de Lucas Sala.
250 _a2ª ed.
260 _aBarcelona :
_bAnagrama,
_c2002.
300 _a313 p. ;
_c20 cm.
490 1 _aCrónicas Anagrama ;
_v3
650 4 _aDelitos.
_9166054
650 _aProcesos.
_916437
700 1 _aSala, Lucas.
_9101649
830 0 _aCrónicas Anagrama ;
_v3
_9180220
852 _aES-MaACL
_jL-28517
_bR.134223
999 _c82091
_d82091